| 000 | 00784nam a22002417a 4500 | ||
|---|---|---|---|
| 999 |
_c11889 _d11889 |
||
| 003 | AR-CdUCM | ||
| 008 | 190405b ||||| |||| 00| 0 spa d | ||
| 020 | _a928-29-1150-8 | ||
| 040 |
_aMUNICIPALIDAD PROVINCIAL DEL CUSCO _cBIBLIOTECA MUNICIPAL DEL CUSCO |
||
| 082 |
_aEP / 808.068 / _bH56 |
||
| 100 |
_aHinojosa, Francisco _929488 |
||
| 245 | _aCuando los ratones se daban la gran vida / | ||
| 260 |
_aMéxico : _bMadero, _c1987. |
||
| 300 | _c15 cm. | ||
| 440 |
_aColección de Chipichipi. _nLibros del rincon SEP. _929482 |
||
| 500 | _aTexto sin numeración. | ||
| 505 | _aContenido :El rey Mocho. | ||
| 650 |
_aCuentos tradicionales _925573 |
||
| 650 |
_aHistorietas _910786 |
||
| 700 |
_aRulfo, Pablo (dibujos) _929489 |
||
| 942 |
_2ddc _cLIBROS |
||
| 945 |
_arum _d2019-04-05 |
||